000 00565nam a2200145Ia 4500
008 100415s9999 xx 000 0 und d
082 _b21650
_a808.3
100 _aSHARMA, KALPANA
245 _aRediscovering Dharavi : stories from Asia's largest slum: (Donated by Mr.Ranganathan)
260 _aNEW DELHI
_c2000
_bPENGUIN BOOKS
365 _b200
630 _aRediscovering Dharavi : stories from Asia's largest slum: (Donated by Mr.Ranganathan)
730 _aRediscovering Dharavi : stories from Asia's largest slum: (Donated by Mr.Ranganathan)
942 _cBOOK
999 _c604532
_d604529